书目信息 |
| 题名: |
乡镇企业积累机制研究
|
|
| 作者: | 韩云 主编 | |
| 分册: | ||
| 出版信息: | 北京 中国经济出版社 2000.01 |
|
| 页数: | 232页 | |
| 开本: | 32开 | |
| 丛书名: | ||
| 单 册: | ||
| 中图分类: | F279.263 | |
| 科图分类: | ||
| 主题词: | 企业经济 | |
| 电子资源: | ||
| ISBN: | 7-5017-0935-1 | |
| 000 | 00563nam0 2200193 45 | |
| 001 | 0007300824 | |
| 005 | 20000730090102.5 | |
| 010 | @a7-5017-0935-1@d18.00元 | |
| 100 | @a20000730d2000 km y0chiy0120 ea | |
| 101 | 0 | @achi |
| 105 | @a z 000yy | |
| 200 | 1 | @a乡镇企业积累机制研究@AXiang Zhen Qi Ye Ji Lei Ji Zhi Yan Jiu@f韩云主编@FHan Yun Zhu Bian |
| 210 | @a北京@c中国经济出版社@d2000.01 | |
| 215 | @a232页@d32开 | |
| 606 | 0 | @a企业经济 |
| 690 | @aF279.263@v3 | |
| 701 | 0 | @a韩云@4主编 |
| 801 | @aCN@bPftUser@c20000730 | |
| 905 | @b82634-638@dF279.263@eH.887@f5 | |
| 乡镇企业积累机制研究/韩云主编.-北京:中国经济出版社,2000.01 |
| 232页;32开 |
| ISBN 7-5017-0935-1:18.00元 |
| ● |
| 相关链接 |
|
|
|
正题名:乡镇企业积累机制研究
索取号:F279.263/H.887
 
预约/预借
| 序号 | 登录号 | 条形码 | 馆藏地/架位号 | 状态 | 备注 |
| 1 | 82634 | 200826348 | 社科二线422/422社科库 30排2列3层/ [索取号:F279.263/H.887] | 在馆 | |
| 2 | 82635 | 200826357 | 社科库409/409社科库 101排4列3层/ [索取号:F279.263/H.887] | 在馆 | |
| 3 | 82636 | 200826366 | 社科库409/409社科库 99排3列3层/ [索取号:F279.263/H.887] | 在馆 | |
| 4 | 82637 | 200826375 | 社科二线422/422社科库 30排2列3层/ [索取号:F279.263/H.887] | 在馆 | |
| 5 | 82638 | 200826384 | 社科二线422/422社科库 30排2列3层/ [索取号:F279.263/H.887] | 在馆 |